| 000 | 00528nam a2200193Ia 4500 | ||
|---|---|---|---|
| 003 | GCL | ||
| 008 | 140319s9999 xx 000 0 eng d | ||
| 040 |
_aGCL / _cGCL |
||
| 082 | 0 | 4 |
_a892.7 _bG R |
| 100 | 1 | _aFATHI GHANEM | |
| 245 | 1 | 0 |
_aTHE RIGHT MAN AND OTHER STORIES / _cFATHI GHANEM |
| 700 | 1 | _aNAYLA, NAGUIB | |
| 260 |
_a[S.N] : _bGENERAL EGYPTIAN BOOK ORGANITION ، _c1994 |
||
| 300 | _a94 P | ||
| 490 |
_aCONTEMPORARY ARABIC LITERATURE _v0 |
||
| 650 | 0 | 4 | _aLITERATURE |
| 650 | 0 | 4 | _aARABIC LITERATURE |
| 942 |
_2ddc _cBK |
||
| 999 |
_c21415 _d21415 |
||